Неорганическая химия: учебное пособие
| Autor principal: | |
|---|---|
| Resumo: | Электронная копия печатного издания Режим доступа: из корпоративной сети ТПУ |
| Idioma: | russo |
| Publicado em: |
Москва, Юрайт, 2010
|
| Colecção: | Бакалавр. Базовый курс Бакалавр. Углубленный курс Электронные учебники издательства Юрайт |
| Assuntos: | |
| Acesso em linha: | http://www.lib.tpu.ru/fulltext2/m/2013/FN/fn-2443.pdf |
| Formato: | Recurso Electrónico Livro |
| KOHA link: | https://koha.lib.tpu.ru/cgi-bin/koha/opac-detail.pl?biblionumber=242885 |
MARC
| LEADER | 00000nlm0a2200000 4500 | ||
|---|---|---|---|
| 001 | 242885 | ||
| 005 | 20231101231929.0 | ||
| 035 | |a (RuTPU)RU\TPU\book\264207 | ||
| 090 | |a 242885 | ||
| 100 | |a 20130912d2010 m y0rusy50 ca | ||
| 101 | 0 | |a rus | |
| 102 | |a RU | ||
| 105 | |a y j 000zy | ||
| 135 | |a vocna---uucaa | ||
| 181 | 0 | |a i | |
| 182 | 0 | |a b | |
| 200 | 1 | |a Неорганическая химия |b Электронный ресурс |e учебное пособие |f Т. И. Хаханина | |
| 203 | |a Текст |c электронный | ||
| 210 | |a Москва |c Юрайт |d 2010 | ||
| 215 | |a 1 Мультимедиа CD-ROM | ||
| 225 | 1 | |a Бакалавр. Базовый курс | |
| 225 | 1 | |a Бакалавр. Углубленный курс | |
| 225 | 1 | |a Электронные учебники издательства Юрайт | |
| 230 | |a Мультимедиа ресурсы (10 директорий; 100 файлов; 740MB) | ||
| 300 | |a Электронная копия печатного издания | ||
| 333 | |a Режим доступа: из корпоративной сети ТПУ | ||
| 337 | |a Pentium 100 MHz, 16 Mb RAM, Windows 95/98/NT/2000, CDROM, SVGA, звуковая карта, Internet Explorer 5.0 и выше | ||
| 606 | 1 | |a Неорганическая химия |2 stltpush |3 (RuTPU)RU\TPU\subj\67586 |9 83311 | |
| 610 | 1 | |a периодический закон | |
| 610 | 1 | |a периодическая система | |
| 610 | 1 | |a s-элементы | |
| 610 | 1 | |a p-элементы | |
| 610 | 1 | |a l-элементы | |
| 610 | 1 | |a комплексные соединения | |
| 610 | 1 | |a учебные пособия | |
| 675 | |a 546(075.8) |v 3 | ||
| 700 | 1 | |a Хаханина |b Т. И. |g Татьяна Ивановна | |
| 801 | 1 | |a RU |b 63413507 |c 20130912 | |
| 801 | 2 | |a RU |b 63413507 |c 20130924 |g RCR | |
| 856 | 4 | |u http://www.lib.tpu.ru/fulltext2/m/2013/FN/fn-2443.pdf | |
| 900 | |a Неорганическая химия | ||
| 942 | |c CF | ||